Tesco uvádza biovýrobky
Rok 2006 priniesol pre spol. Tesco SR ďalšie zmeny strategického významu. Otvorenie nových predajní, najmä výstavba menších hypermarketov. Záujem o privátne značky rastie, počet výrobkov vlastnej značky. Tesco v číslach. V roku 2007 firma uvedie značky, ktoré podporujú zdravý životný štýl, aj vlastn...
Guardado en:
| Autor principal: | |
|---|---|
| Formato: | Capítulo de libro |
| Lenguaje: | eslovaco |
| Materias: | |
| Etiquetas: |
Sin Etiquetas, Sea el primero en etiquetar este registro!
|
MARC
| LEADER | 00000naa$a2200000$$$4500 | ||
|---|---|---|---|
| 001 | 0057476 | ||
| 005 | 20231128092504.2 | ||
| 041 | 0 | |a slo | |
| 044 | |a SK | ||
| 245 | 1 | 0 | |a Tesco uvádza biovýrobky |c Andrea Hinková-Dibarborová |
| 520 | |a Rok 2006 priniesol pre spol. Tesco SR ďalšie zmeny strategického významu. Otvorenie nových predajní, najmä výstavba menších hypermarketov. Záujem o privátne značky rastie, počet výrobkov vlastnej značky. Tesco v číslach. V roku 2007 firma uvedie značky, ktoré podporujú zdravý životný štýl, aj vlastný rad biovýrobkov (Tesco Organic). | ||
| 610 | 2 | 0 | |a maloobchod |
| 610 | 2 | 0 | |a hypermarkety |
| 610 | 2 | 0 | |a reťazce obchodné |
| 610 | 2 | 0 | |a Slovensko |
| 610 | 2 | 0 | |a značky maloobchodné |
| 610 | 2 | 0 | |a bioprodukty |
| 100 | 1 | |a Hinková-Dibarborová, Andrea | |